1395 1020 1689 1873 1404 1413 1046 1305 1764 1471 1961 1081 1947 1752 1326 1346 1200 1189 1776 1106 1536 1578 1714 1140 1140 1470 1333 1781 1977 1863 1357 1023 1576 1447 1275 1532 1072 1394 1994 1263 1146 1235 1284 1761 1548 1563 1833 1464 1800 1760 1464 1887 1401 1322 1816 1529 1318 1443 1781 1863 1827 1234 1012 1067 1609 1887 1119 1609 1054 1916 1517 1834 1209 1438 1480 1317 1726 1966 1249 1550 1861 1931 1210 1500 1471 1136 1860 1823 1246 1057 1561 1033 1927 1025 1031 1032 1012 1871 1503 BCNSPRNW ULIB Ver.6.0+V

เปลี่ยนเป็นภาษาไทย

Change to English
 แสดงรายละเอียดบรรณานุกรม
  กลับหน้าหลัก

Brief Record : Get Marc (ISO 2709) : E-mail record : QR code < ปิดหน้าต่าง
LEADER : 00000nam 2200000uu 4500
001    13399124784
003     ULIB
008    160323s2013||||th 000 0 eng d
020    ^a9781449645755
060    ^aWQ165^bT367c
100 0  ^aTharpe, Nell L.
245 00 ^aClinical Practice Guidelines for Midwifery & Women s Health /^b[edited by]Tharpe, Nell L.
250    ^a4th ed.
260    ^aU.S.A :^bJones & Bartiett Learning,^c2013
300    ^a622 p.
650  0 ^aMidwifery-methods-Practice Guideline 0^aGenital Diseases, Female-Practice Guideline 0^aPregnancy Complications-Practce Guideline 0^a
945    ^p4320^l0^i000333
999    ^aเกษร โพธิ์สุวรรณ
รายการนี้ยังไม่มีแท็ก
คุณยังไม่ได้ล็อกอิน คุณสามารถมีกิจกรรมร่วมกับเว็บไซต์ได้ แต่ต้องล็อกอินก่อน ::
  ล็อกอิน

รายการสื่อสารสนเทศ

ลำดับที่ ประเภท เลขเรียก/บาร์โค้ด สถานที่ สถานะ
1. วิทยาศาสตร์การแพทย์ และสุขภาพ
วิทยาศาสตร์การแพทย์ และสุขภาพ
WQ165 T367c ฉ.1 
  Barcode: 000333
ห้องสมุดวิทยาเขตสวรรค์ประชารักษ์
►หนังสือทั่วไป
บนชั้น

BibComment


ยังไม่เคยถูกคอมเมนท์

คอมเมนท์ทรัพยากรรายการนี้
  คอมเมนท์: Clinical Practic..


 Copyright 2026. Bcnsprnw @Library